| 000 | 02258 a2200361 4500 | ||
|---|---|---|---|
| 999 |
_c352601 _d352601 |
||
| 003 | OSt | ||
| 005 | 20180116192339.0 | ||
| 008 | 120524t xxu||||| |||| 00| 0 eng d | ||
| 020 | _a2022990921 | ||
| 024 | 1 | _a720229909211 | |
| 028 | 4 | 2 |
_a720229909211 _bFIRST RUN FEATURES |
| 040 | _c0 | ||
| 082 | _a943.086 | ||
| 245 | 1 | 4 |
_aThe architecture of doom _h[videorecording] / _cRolf Arsenius, Bruno Ganz, Sam Gray, Josef Goebbels, P.L. Troost. |
| 260 |
_aGermany : _bFIRST RUN FEATURES, _c2000. |
||
| 300 |
_a1 videodisc (119 min.) : _bsd., col ; _c4 3/4 in. |
||
| 511 | 1 | _aStarring Rolf Arsenius, Bruno Ganz, Sam Gray, Josef Goebbels, P.L. Troost. | |
| 520 | _aFeaturing never-before-seen film footage of Adolf Hitler and the Nazi regime, The Architecture of Doom captures the inner workings of the Third Reich and illuminates the Nazi aesthetic in art, architecture and popular culture. From Nazi party rallies to the final days inside Hitler's bunker, this sensational film shows how Adolf Hitler rose from being a failed artist to creating a world of ponderous kitsch and horrifying terror. Hitler worshipped ancient Rome and Greece, and dreamed of a new Golden Age of classical art and monumental architecture, populated by beautiful, patriotic Aryans. Degenerated artists and inferior races had no place in his lurid fantasy. As this riveting film shows, the Nazis went from banning the art of modernists like Picasso to forced euthanasia of the retarded and sick, and finally to the persecution of homosexuals and the extermination of the Jews. Architecture of Doom is part of the Hitler and the Nazis box set. | ||
| 538 | _aColor, DVD, NTSC. | ||
| 600 |
_a Hitler, Adolf _d1889-1945 _91891 |
||
| 650 |
_aPolitical parties _91892 |
||
| 650 |
_aPolitical science _91893 |
||
| 650 |
_aPropaganda, _zGerman _91894 |
||
| 650 |
_aNational socialism and art _91895 |
||
| 700 | 1 |
_aArsenius, Rolf. _91896 |
|
| 700 | 1 |
_aGanz, Bruno. _91897 |
|
| 700 | 1 |
_aGray, Sam. _91898 |
|
| 700 | 1 |
_aGoebbels, Josef. _91899 |
|
| 700 | 1 |
_aTroost, P.L. _91900 |
|
| 856 | 4 | 0 |
_3Amazon.com _uhttp://www.amazon.com/exec/obidos/ASIN/B00003XALS/chopaconline-20 |
| 942 |
_aSADA _cCD _kCD 943.086 ARC 2000 _2ddc |
||